000 00753cad a22002175a 4500
001 L153228
008 110627e20001205xxk f f000 0 eng d
035 _a(Sirsi) u153228
041 0 _aeng
110 2 _aUnited Kingdom
_kLaws, etc
_95044
245 0 4 _aThe Building Regulations 2000
_h[electronic resource]
260 _aLondon
_bOPSI
_c2000
490 0 _aSI
_v2000: 2531
520 _aThe Building Regulations 2000 came into force on 1st January 2001.
521 2 _aAdvanced
650 2 4 _aBUILDING REGULATIONS 2000
651 4 _aEngland and Wales
_y1543-
690 _aBuilding regulations
_96224
856 4 0 _uhttps://www.legislation.gov.uk/uksi/2000/2531/contents/made
_zView the document free of charge at www.legislation.gov.uk
942 _n0
999 _c112425
_d112425